[Event "8th Arber Open"]
[Site "chess24.com"]
[Date "2019.07.28"]
[Round "2"]
[White "Pap, Misa"]
[Black "Kottmair, Toni"]
[Result "1-0"]
[Board "3"]
[WhiteElo "2461"]
[WhiteTitle "GM"]
[WhiteCountry "SRB"]
[WhiteFideId "921610"]
[WhiteEloChange "1"]
[BlackElo "2086"]
[BlackCountry "GER"]
[BlackFideId "4630033"]
[BlackEloChange "-2"]

1. e4 {[%clk 1:30:56]} c5 {[%clk 1:30:58]} 2. Nf3 {[%clk 1:30:30]} Nc6 {[%clk
1:31:24]} 3. c3 {[%clk 1:30:18]} Nf6 {[%clk 1:31:28]} 4. e5 {[%clk 1:30:33]} Nd5
{[%clk 1:31:50]} 5. d4 {[%clk 1:30:18]} cxd4 {[%clk 1:30:44]} 6. Bc4 {[%clk
1:27:11]} Nb6 {[%clk 1:30:16]} 7. Bb3 {[%clk 1:27:35]} d5 {[%clk 1:29:50]} 8.
exd6 {[%clk 1:27:59]} Qxd6 {[%clk 1:30:09]} 9. O-O {[%clk 1:28:20]} e6 {[%clk
1:06:28]} 10. cxd4 {[%clk 1:27:26]} Be7 {[%clk 1:05:23]} 11. Nc3 {[%clk 1:27:49]}
O-O {[%clk 1:04:25]} 12. Be3 {[%clk 1:19:18]} Nd5 {[%clk 0:58:42]} 13. Ne4 {[%clk
1:18:34]} Nxe3 {[%clk 0:54:39]} 14. fxe3 {[%clk 1:18:54]} Qb4 {[%clk 0:53:21]}
15. Nfg5 {[%clk 1:05:59]} Bxg5 {[%clk 0:25:50]} 16. Nxg5 {[%clk 1:06:04]} h6
{[%clk 0:25:45]} 17. Ne4 {[%clk 0:59:50]} Na5 {[%clk 0:12:15]} 18. Nf6+ {[%clk
0:47:02]} Kh8 {[%clk 0:10:17]} 19. Bc2 {[%clk 0:36:07]} Qb5 {[%clk 0:04:59]} 20.
Nh7 {[%clk 0:35:05]} Bd7 {[%clk 0:03:04]} 21. Nxf8 {[%clk 0:33:34]} Rxf8 {[%clk
0:03:34]} 22. Qd3 {[%clk 0:33:32]} f5 {[%clk 0:03:35]} 23. Qa3 {[%clk 0:32:57]}
Rc8 {[%clk 0:02:44]} 24. Bd3 {[%clk 0:32:40]} Qb6 {[%clk 0:01:51]} 25. Rac1
{[%clk 0:31:05]} Nc6 {[%clk 0:02:12]} 26. Rc5 {[%clk 0:27:59]} Qd8 {[%clk
0:01:21]} 27. Be2 {[%clk 0:22:35]} Qf6 {[%clk 0:01:00]} 28. b4 {[%clk 0:21:54]}
a6 {[%clk 0:01:18]} 29. Bf3 {[%clk 0:20:11]} Rd8 {[%clk 0:01:25]} 30. Qc3 {[%clk
0:20:28]} Be8 {[%clk 0:00:47]} 31. g3 {[%clk 0:20:17]} Kh7 {[%clk 0:00:54]} 32.
a3 {[%clk 0:20:27]} Rd6 {[%clk 0:01:08]} 33. Kh1 {[%clk 0:19:35]} Qd8 {[%clk
0:01:01]} 34. Qc2 {[%clk 0:18:09]} Bg6 {[%clk 0:00:38]} 35. Qe2 {[%clk 0:17:15]}
e5 {[%clk 0:00:53]} 36. Bxc6 {[%clk 0:17:08]} exd4 {[%clk 0:00:39]} 37. Bxb7
{[%clk 0:16:45]} d3 {[%clk 0:00:57]} 38. Qd2 {[%clk 0:16:53]} f4 {[%clk 0:00:34]}
39. exf4 {[%clk 0:16:44]} Qe7 {[%clk 0:00:31]} 40. Bf3 {[%clk 0:16:05]} Be4
{[%clk 0:00:35]} 41. Kg1 {[%clk 0:13:33]} Qb7 {[%clk 0:00:33]} 42. Bxe4+ {[%clk
0:13:11]} Qxe4 {[%clk 0:01:02]} 43. Re5 {[%clk 0:12:18]} Qd4+ {[%clk 0:01:30]}
44. Re3 {[%clk 0:12:29]} 1-0

[Event "8th Arber Open"]
[Site "chess24.com"]
[Date "2019.07.28"]
[Round "2"]
[White "Schwenkreis, Thomas"]
[Black "Milov, Leonid"]
[Result "0-1"]
[Board "4"]
[WhiteElo "2048"]
[WhiteCountry "GER"]
[WhiteFideId "24610461"]
[WhiteEloChange "-2"]
[BlackElo "2472"]
[BlackTitle "GM"]
[BlackCountry "GER"]
[BlackFideId "14101068"]
[BlackEloChange "1"]

1. e4 {[%clk 1:30:57]} c5 {[%clk 1:30:50]} 2. f4 {[%clk 1:31:25]} g6 {[%clk
1:30:59]} 3. Nf3 {[%clk 1:31:41]} Bg7 {[%clk 1:30:59]} 4. c3 {[%clk 1:31:50]} Nc6
{[%clk 1:31:34]} 5. Bc4 {[%clk 1:31:41]} e6 {[%clk 1:31:42]} 6. e5 {[%clk
1:30:34]} d6 {[%clk 1:31:04]} 7. exd6 {[%clk 1:30:41]} Nh6 {[%clk 1:30:43]} 8.
Bb5 {[%clk 1:22:06]} Bd7 {[%clk 1:28:54]} 9. O-O {[%clk 1:22:13]} Nf5 {[%clk
1:28:48]} 10. Bxc6 {[%clk 1:22:21]} Bxc6 {[%clk 1:29:08]} 11. Ne5 {[%clk
1:22:48]} Qxd6 {[%clk 1:29:01]} 12. Qe2 {[%clk 1:20:38]} O-O {[%clk 1:14:24]} 13.
Nxc6 {[%clk 1:18:15]} Qxc6 {[%clk 1:14:46]} 14. d3 {[%clk 1:18:21]} Rad8 {[%clk
1:02:46]} 15. Nd2 {[%clk 1:17:08]} Qa6 {[%clk 0:42:53]} 16. Ne4 {[%clk 1:12:55]}
b6 {[%clk 0:43:10]} 17. g4 {[%clk 1:12:10]} Nh6 {[%clk 0:38:53]} 18. Nf2 {[%clk
1:10:55]} Rfe8 {[%clk 0:38:33]} 19. Qf3 {[%clk 1:10:15]} f5 {[%clk 0:38:29]} 20.
h3 {[%clk 1:05:58]} Qa4 {[%clk 0:34:35]} 21. Be3 {[%clk 1:03:03]} Rf8 {[%clk
0:24:11]} 22. a3 {[%clk 1:03:03]} Qc2 {[%clk 0:24:11]} 23. g5 {[%clk 1:02:05]}
Nf7 {[%clk 0:24:16]} 24. Rab1 {[%clk 1:02:05]} Qa4 {[%clk 0:21:51]} 25. Rbe1
{[%clk 1:01:43]} e5 {[%clk 0:21:51]} 26. h4 {[%clk 1:01:43]} Rfe8 {[%clk
0:20:24]} 27. Bc1 {[%clk 0:58:23]} c4 {[%clk 0:17:54]} 28. dxc4 {[%clk 0:56:51]}
Qxc4 {[%clk 0:18:21]} 29. Qg3 {[%clk 0:51:44]} Qb5 {[%clk 0:15:45]} 30. Nd1
{[%clk 0:46:42]} Nd6 {[%clk 0:10:27]} 31. fxe5 {[%clk 0:43:46]} Bxe5 {[%clk
0:10:40]} 32. Bf4 {[%clk 0:43:07]} Ne4 {[%clk 0:10:44]} 33. Qh2 {[%clk 0:43:20]}
Rd2 {[%clk 0:08:34]} 34. Qh3 {[%clk 0:36:33]} Bxf4 {[%clk 0:08:54]} 35. Rxf4
{[%clk 0:36:47]} Qc5+ {[%clk 0:06:53]} 36. Kf1 {[%clk 0:35:25]} Qd6 {[%clk
0:05:24]} 37. Rfxe4 {[%clk 0:32:06]} fxe4 {[%clk 0:05:31]} 38. Ne3 {[%clk
0:32:34]} Qf4+ {[%clk 0:05:29]} 0-1

[Event "8th Arber Open"]
[Site "chess24.com"]
[Date "2019.07.28"]
[Round "2"]
[White "Peng, Li Min"]
[Black "Titz, Heimo"]
[Result "1-0"]
[Board "5"]
[WhiteElo "2466"]
[WhiteTitle "IM"]
[WhiteCountry "UKR"]
[WhiteFideId "14112620"]
[WhiteEloChange "1"]
[BlackElo "2048"]
[BlackTitle "FM"]
[BlackCountry "AUT"]
[BlackFideId "1601520"]
[BlackEloChange "-2"]

1. e4 {[%clk 1:24:57]} c5 {[%clk 1:30:16]} 2. Nf3 {[%clk 1:23:59]} e6 {[%clk
1:30:20]} 3. d4 {[%clk 1:24:19]} cxd4 {[%clk 1:30:32]} 4. Nxd4 {[%clk 1:24:45]}
Nc6 {[%clk 1:29:42]} 5. Nc3 {[%clk 1:25:04]} Qc7 {[%clk 1:29:31]} 6. Be3 {[%clk
1:24:31]} Nf6 {[%clk 1:29:20]} 7. Qf3 {[%clk 1:23:48]} a6 {[%clk 1:27:47]} 8.
O-O-O {[%clk 1:24:07]} Be7 {[%clk 1:15:04]} 9. Be2 {[%clk 1:24:32]} d6 {[%clk
0:55:54]} 10. Qg3 {[%clk 1:24:44]} Bd7 {[%clk 0:43:36]} 11. f4 {[%clk 1:13:23]}
Nxd4 {[%clk 0:34:49]} 12. Bxd4 {[%clk 1:12:35]} Bc6 {[%clk 0:34:16]} 13. e5
{[%clk 1:10:33]} Ne4 {[%clk 0:29:30]} 14. Qxg7 {[%clk 1:10:48]} Rf8 {[%clk
0:29:43]} 15. Qxh7 {[%clk 1:05:59]} Nxc3 {[%clk 0:29:49]} 16. Bxc3 {[%clk
1:06:24]} O-O-O {[%clk 0:24:13]} 17. Bf3 {[%clk 1:05:05]} Bxf3 {[%clk 0:22:15]}
18. gxf3 {[%clk 1:05:30]} Qc4 {[%clk 0:22:22]} 19. Kb1 {[%clk 0:51:08]} Qxf4
{[%clk 0:20:16]} 20. exd6 {[%clk 0:51:33]} Rxd6 {[%clk 0:17:26]} 21. Rxd6 {[%clk
0:49:11]} Bxd6 {[%clk 0:17:05]} 22. Qh5 {[%clk 0:49:05]} Rd8 {[%clk 0:11:47]} 23.
h4 {[%clk 0:46:24]} Be7 {[%clk 0:10:29]} 24. a3 {[%clk 0:44:31]} Rd5 {[%clk
0:09:36]} 25. Qg4 {[%clk 0:44:38]} Rf5 {[%clk 0:08:50]} 26. Qxf4 {[%clk 0:42:21]}
Rxf4 {[%clk 0:09:17]} 27. h5 {[%clk 0:42:49]} Bf8 {[%clk 0:04:41]} 28. h6 {[%clk
0:28:04]} Bxh6 {[%clk 0:05:09]} 29. Rxh6 {[%clk 0:28:33]} Rxf3 {[%clk 0:05:24]}
30. Rf6 {[%clk 0:29:00]} Rxf6 {[%clk 0:05:14]} 31. Bxf6 {[%clk 0:29:29]} Kd7
{[%clk 0:05:33]} 32. c4 {[%clk 0:29:57]} Kd6 {[%clk 0:05:52]} 33. Kc2 {[%clk
0:30:25]} e5 {[%clk 0:05:54]} 34. Kd3 {[%clk 0:30:54]} Ke6 {[%clk 0:06:09]} 35.
Bg7 {[%clk 0:31:23]} f5 {[%clk 0:02:57]} 36. Ke3 {[%clk 0:31:51]} Kd6 {[%clk
0:02:47]} 37. Kf3 {[%clk 0:32:08]} b5 {[%clk 0:02:41]} 38. c5+ {[%clk 0:23:44]}
Kxc5 {[%clk 0:03:05]} 39. Bxe5 {[%clk 0:24:10]} Kc4 {[%clk 0:02:23]} 40. b4
{[%clk 0:23:10]} Kb3 {[%clk 0:02:30]} 41. Bc7 {[%clk 0:23:33]} Kxa3 {[%clk
0:02:19]} 42. Ba5 {[%clk 0:23:58]} Kb3 {[%clk 0:02:17]} 43. Kf4 {[%clk 0:24:27]}
Kc4 {[%clk 0:02:23]} 44. Kxf5 {[%clk 0:24:56]} Kd5 {[%clk 0:02:31]} 45. Kf6
{[%clk 0:25:25]} Kd6 {[%clk 0:01:53]} 46. Kf7 {[%clk 0:25:54]} Kd7 {[%clk
0:01:39]} 47. Kf8 {[%clk 0:26:23]} Kc6 {[%clk 0:20:49]} 48. Ke7 {[%clk 0:55:41]}
Kb7 {[%clk 0:19:09]} 49. Kd7 {[%clk 0:56:02]} Kb8 {[%clk 0:17:39]} 50. Kc6 {[%clk
0:56:25]} Ka7 {[%clk 0:17:32]} 51. Kc7 {[%clk 0:56:49]} 1-0

[Event "8th Arber Open"]
[Site "chess24.com"]
[Date "2019.07.28"]
[Round "2"]
[White "Liebold, Aaron"]
[Black "Bensch, Patrick"]
[Result "1-0"]
[Board "6"]
[WhiteElo "1944"]
[WhiteCountry "GER"]
[WhiteFideId "12997846"]
[WhiteEloChange "16"]
[BlackElo "2197"]
[BlackTitle "FM"]
[BlackCountry "GER"]
[BlackFideId "4617401"]
[BlackEloChange "-16"]

1. e4 {[%clk 1:30:56]} e5 {[%clk 1:29:59]} 2. Nf3 {[%clk 1:30:50]} Nc6 {[%clk
1:29:32]} 3. Bc4 {[%clk 1:30:49]} Bc5 {[%clk 1:28:52]} 4. c3 {[%clk 1:30:21]} Nf6
{[%clk 1:28:54]} 5. d4 {[%clk 1:29:42]} exd4 {[%clk 1:29:08]} 6. O-O {[%clk
1:29:16]} d5 {[%clk 1:22:21]} 7. exd5 {[%clk 1:28:04]} Nxd5 {[%clk 1:22:32]} 8.
cxd4 {[%clk 1:27:17]} Be7 {[%clk 1:20:36]} 9. Bxd5 {[%clk 1:24:19]} Qxd5 {[%clk
1:20:42]} 10. Nc3 {[%clk 1:24:42]} Qd8 {[%clk 1:12:54]} 11. d5 {[%clk 1:19:28]}
Nb8 {[%clk 1:10:14]} 12. Re1 {[%clk 1:13:34]} O-O {[%clk 1:10:13]} 13. Qe2 {[%clk
1:10:26]} Bf6 {[%clk 0:55:02]} 14. Bf4 {[%clk 1:06:19]} Bg4 {[%clk 0:39:18]} 15.
Qc4 {[%clk 0:59:20]} Bxf3 {[%clk 0:29:10]} 16. gxf3 {[%clk 0:57:36]} Na6 {[%clk
0:18:22]} 17. Ne4 {[%clk 0:52:57]} Rc8 {[%clk 0:12:19]} 18. Rad1 {[%clk 0:50:40]}
Be7 {[%clk 0:04:03]} 19. Qb5 {[%clk 0:43:59]} f5 {[%clk 0:04:04]} 20. Ng3 {[%clk
0:43:06]} g5 {[%clk 0:01:17]} 21. d6 {[%clk 0:37:37]} cxd6 {[%clk 0:01:03]} 22.
Rxe7 {[%clk 0:33:28]} Qxe7 {[%clk 0:01:26]} 23. Bxd6 {[%clk 0:33:51]} Qf7 {[%clk
0:00:33]} 24. Bxf8 {[%clk 0:33:34]} Rxf8 {[%clk 0:01:01]} 25. Rd7 {[%clk
0:33:54]} Qe6 {[%clk 0:00:38]} 26. Qxb7 {[%clk 0:34:04]} Qe1+ {[%clk 0:31:00]}
1-0

[Event "8th Arber Open"]
[Site "chess24.com"]
[Date "2019.07.28"]
[Round "2"]
[White "Kolb, Wolfgang"]
[Black "Bogdanov, Egor"]
[Result "0-1"]
[Board "9"]
[WhiteElo "2034"]
[WhiteCountry "GER"]
[WhiteFideId "4678710"]
[WhiteEloChange "-2"]
[BlackElo "2407"]
[BlackTitle "IM"]
[BlackCountry "UKR"]
[BlackFideId "14119137"]
[BlackEloChange "1"]

1. c4 {[%clk 1:30:30]} Nf6 {[%clk 1:24:38]} 2. g3 {[%clk 1:30:50]} g6 {[%clk
1:25:05]} 3. Nc3 {[%clk 1:30:59]} Bg7 {[%clk 1:25:24]} 4. Bg2 {[%clk 1:31:23]}
O-O {[%clk 1:25:49]} 5. e4 {[%clk 1:31:21]} c5 {[%clk 1:25:10]} 6. Nge2 {[%clk
1:31:37]} Nc6 {[%clk 1:25:33]} 7. d3 {[%clk 1:31:55]} Ne8 {[%clk 1:25:45]} 8. Be3
{[%clk 1:30:03]} Nd4 {[%clk 1:26:09]} 9. Rb1 {[%clk 1:29:50]} d6 {[%clk 1:26:22]}
10. O-O {[%clk 1:25:57]} Nc7 {[%clk 1:25:09]} 11. Qd2 {[%clk 1:25:25]} Re8 {[%clk
1:17:53]} 12. Bh6 {[%clk 1:22:12]} Bh8 {[%clk 1:18:15]} 13. Nxd4 {[%clk 1:22:17]}
Bxd4 {[%clk 1:17:53]} 14. Be3 {[%clk 1:20:37]} Bg7 {[%clk 1:01:38]} 15. d4 {[%clk
1:15:23]} b6 {[%clk 0:57:53]} 16. b3 {[%clk 0:54:55]} Rb8 {[%clk 0:53:16]} 17.
dxc5 {[%clk 0:48:29]} bxc5 {[%clk 0:52:55]} 18. Rbd1 {[%clk 0:27:41]} Ne6 {[%clk
0:52:31]} 19. Ne2 {[%clk 0:26:22]} a5 {[%clk 0:45:06]} 20. Nc3 {[%clk 0:25:29]}
Nd4 {[%clk 0:45:07]} 21. Bxd4 {[%clk 0:25:01]} Bxd4 {[%clk 0:45:19]} 22. Nb5
{[%clk 0:25:02]} Bg7 {[%clk 0:45:12]} 23. a4 {[%clk 0:24:29]} Bd7 {[%clk
0:45:16]} 24. f4 {[%clk 0:23:34]} Bxb5 {[%clk 0:45:17]} 25. cxb5 {[%clk 0:21:00]}
Qc7 {[%clk 0:35:42]} 26. Qd5 {[%clk 0:18:54]} Rbd8 {[%clk 0:31:46]} 27. Qc4
{[%clk 0:17:01]} e6 {[%clk 0:31:12]} 28. Kh1 {[%clk 0:16:37]} f5 {[%clk 0:30:31]}
29. Rc1 {[%clk 0:13:43]} fxe4 {[%clk 0:29:20]} 30. Qxe4 {[%clk 0:14:11]} Kh8
{[%clk 0:24:42]} 31. Rfe1 {[%clk 0:10:03]} Qf7 {[%clk 0:24:40]} 32. Qc6 {[%clk
0:08:44]} h5 {[%clk 0:22:44]} 33. Qa6 {[%clk 0:04:15]} h4 {[%clk 0:22:01]} 34.
Bc6 {[%clk 0:04:12]} Rf8 {[%clk 0:20:33]} 35. Qxa5 {[%clk 0:03:08]} e5 {[%clk
0:20:14]} 36. Rf1 {[%clk 0:02:19]} Qxb3 {[%clk 0:19:59]} 37. fxe5 {[%clk
0:02:25]} h3 {[%clk 0:12:47]} 38. exd6 {[%clk 0:02:20]} Rxd6 {[%clk 0:11:59]} 39.
Rxf8+ {[%clk 0:01:03]} Bxf8 {[%clk 0:12:29]} 40. Qa8 {[%clk 0:00:35]} Qd1+ {[%clk
0:12:41]} 0-1

[Event "8th Arber Open"]
[Site "chess24.com"]
[Date "2019.07.28"]
[Round "2"]
[White "Sergeev, Vladimir"]
[Black "Beulertz, Stefan"]
[Result "1-0"]
[Board "10"]
[WhiteElo "2415"]
[WhiteTitle "GM"]
[WhiteCountry "UKR"]
[WhiteFideId "14101076"]
[WhiteEloChange "1"]
[BlackElo "2033"]
[BlackCountry "MLT"]
[BlackFideId "5600740"]
[BlackEloChange "-2"]

1. g3 {[%clk 1:25:48]} c5 {[%clk 1:30:29]} 2. Bg2 {[%clk 1:26:07]} Nc6 {[%clk
1:30:14]} 3. e4 {[%clk 1:26:07]} g6 {[%clk 1:29:19]} 4. d3 {[%clk 1:26:31]} Bg7
{[%clk 1:29:16]} 5. Nc3 {[%clk 1:26:50]} e5 {[%clk 1:24:50]} 6. Nh3 {[%clk
1:27:04]} Nge7 {[%clk 1:24:12]} 7. O-O {[%clk 1:27:30]} d6 {[%clk 1:24:03]} 8. f4
{[%clk 1:27:49]} Nd4 {[%clk 1:18:47]} 9. Be3 {[%clk 1:26:50]} O-O {[%clk
1:14:53]} 10. g4 {[%clk 1:24:47]} f6 {[%clk 0:57:27]} 11. f5 {[%clk 1:24:25]} g5
{[%clk 0:53:20]} 12. Nf2 {[%clk 1:21:40]} Bd7 {[%clk 0:52:12]} 13. Nd5 {[%clk
1:21:43]} Be8 {[%clk 0:48:25]} 14. c3 {[%clk 1:21:18]} Ndc6 {[%clk 0:43:29]} 15.
a3 {[%clk 1:17:41]} Bf7 {[%clk 0:42:27]} 16. b4 {[%clk 1:17:16]} b6 {[%clk
0:42:15]} 17. Qd2 {[%clk 1:13:44]} h6 {[%clk 0:35:31]} 18. h4 {[%clk 1:11:01]}
Nxd5 {[%clk 0:29:32]} 19. exd5 {[%clk 1:11:10]} Nb8 {[%clk 0:29:53]} 20. Ne4
{[%clk 1:10:33]} Be8 {[%clk 0:26:04]} 21. Rf2 {[%clk 0:53:57]} Qe7 {[%clk
0:16:43]} 22. hxg5 {[%clk 0:42:33]} fxg5 {[%clk 0:11:07]} 23. bxc5 {[%clk
0:41:37]} bxc5 {[%clk 0:11:11]} 24. Rb1 {[%clk 0:29:56]} Ba4 {[%clk 0:07:36]} 25.
c4 {[%clk 0:27:33]} Nd7 {[%clk 0:07:49]} 26. Qa5 {[%clk 0:22:34]} Nb6 {[%clk
0:08:01]} 27. f6 {[%clk 0:18:50]} Bxf6 {[%clk 0:05:39]} 28. Nxf6+ {[%clk
0:10:55]} Rxf6 {[%clk 0:06:07]} 29. Rxf6 {[%clk 0:10:21]} Qxf6 {[%clk 0:06:28]}
30. Rxb6 {[%clk 0:10:42]} Bd1 {[%clk 0:04:45]} 31. Bxc5 {[%clk 0:06:56]} Qd8
{[%clk 0:04:28]} 32. Ra6 {[%clk 0:05:02]} dxc5 {[%clk 0:02:56]} 33. Qxd8+ {[%clk
0:02:23]} Rxd8 {[%clk 0:03:25]} 34. Rxh6 {[%clk 0:01:49]} Bxg4 {[%clk 0:03:32]}
35. Be4 {[%clk 0:01:57]} Kf7 {[%clk 0:00:55]} 36. Ra6 {[%clk 0:01:14]} Rd7 {[%clk
0:01:13]} 37. Rc6 {[%clk 0:01:38]} Rb7 {[%clk 0:01:10]} 38. Rxc5 {[%clk 0:02:05]}
Rb2 {[%clk 0:00:59]} 39. Rc7+ {[%clk 0:02:13]} Kf6 {[%clk 0:01:14]} 40. Rxa7
{[%clk 0:02:35]} Bh3 {[%clk 0:01:03]} 41. Ra6+ {[%clk 0:02:49]} Ke7 {[%clk
0:01:27]} 42. Rh6 {[%clk 0:01:09]} 1-0

[Event "8th Arber Open"]
[Site "chess24.com"]
[Date "2019.07.28"]
[Round "2"]
[White "Schleich, Theodor, Dr."]
[Black "Poetz, Florian"]
[Result "0-1"]
[Board "11"]
[WhiteElo "2000"]
[WhiteCountry "GER"]
[WhiteFideId "24615218"]
[WhiteEloChange "-2"]
[BlackElo "2389"]
[BlackTitle "IM"]
[BlackCountry "AUT"]
[BlackFideId "1618741"]
[BlackEloChange "2"]

1. d4 {[%clk 1:30:30]} c5 {[%clk 1:30:30]} 2. d5 {[%clk 1:31:25]} f5 {[%clk
1:30:36]} 3. c4 {[%clk 1:27:56]} g6 {[%clk 1:29:33]} 4. Nc3 {[%clk 1:28:21]} Bg7
{[%clk 1:29:50]} 5. e4 {[%clk 1:28:08]} Bxc3+ {[%clk 1:28:44]} 6. bxc3 {[%clk
1:28:36]} fxe4 {[%clk 1:29:04]} 7. Qc2 {[%clk 1:27:09]} d6 {[%clk 1:12:54]} 8.
Ne2 {[%clk 1:26:14]} Nf6 {[%clk 1:12:33]} 9. Ng3 {[%clk 1:26:39]} Qa5 {[%clk
1:07:38]} 10. Bd2 {[%clk 1:26:37]} Bf5 {[%clk 1:07:18]} 11. Nxf5 {[%clk 1:14:57]}
gxf5 {[%clk 1:07:42]} 12. f3 {[%clk 1:15:20]} Nbd7 {[%clk 1:07:08]} 13. fxe4
{[%clk 0:59:41]} fxe4 {[%clk 1:06:13]} 14. Be2 {[%clk 0:59:28]} O-O-O {[%clk
1:05:07]} 15. O-O-O {[%clk 0:55:15]} Rhg8 {[%clk 1:01:14]} 16. Rhg1 {[%clk
0:55:05]} h5 {[%clk 0:54:37]} 17. Rdf1 {[%clk 0:55:21]} Rg7 {[%clk 0:53:02]} 18.
Kb2 {[%clk 0:50:21]} Rdg8 {[%clk 0:53:06]} 19. g3 {[%clk 0:49:35]} Nb6 {[%clk
0:40:53]} 20. Rf4 {[%clk 0:42:48]} Qa4 {[%clk 0:36:11]} 21. Qxa4 {[%clk 0:41:19]}
Nxa4+ {[%clk 0:36:39]} 22. Kb3 {[%clk 0:41:47]} Nb6 {[%clk 0:36:58]} 23. Bf1
{[%clk 0:41:50]} Kd8 {[%clk 0:32:41]} 24. Bg2 {[%clk 0:35:50]} Ng4 {[%clk
0:30:12]} 25. Bxe4 {[%clk 0:31:40]} Nxh2 {[%clk 0:29:37]} 26. Rh1 {[%clk
0:28:09]} Ng4 {[%clk 0:29:43]} 27. Rxh5 {[%clk 0:27:49]} Ne5 {[%clk 0:22:10]} 28.
Rfh4 {[%clk 0:17:19]} Nbxc4 {[%clk 0:20:01]} 29. Bf4 {[%clk 0:17:30]} b5 {[%clk
0:19:41]} 30. Bf5 {[%clk 0:17:43]} Ng6 {[%clk 0:14:57]} 31. Rg4 {[%clk 0:16:11]}
Nxf4 {[%clk 0:15:07]} 32. Rxg7 {[%clk 0:16:32]} Rxg7 {[%clk 0:15:22]} 33. gxf4
{[%clk 0:16:46]} Rg2 {[%clk 0:12:21]} 34. Rh8+ {[%clk 0:17:15]} Kc7 {[%clk
0:12:41]} 35. Bc2 {[%clk 0:17:40]} Nb6 {[%clk 0:11:06]} 36. Be4 {[%clk 0:16:33]}
Re2 {[%clk 0:11:28]} 37. Bf3 {[%clk 0:14:09]} Re3 {[%clk 0:10:52]} 38. Bg2 {[%clk
0:14:38]} Na4 {[%clk 0:10:54]} 39. Rh3 {[%clk 0:14:56]} c4+ {[%clk 0:09:36]} 40.
Kb4 {[%clk 0:14:59]} Rxh3 {[%clk 0:10:00]} 41. Bxh3 {[%clk 0:15:27]} Kb6 {[%clk
0:10:23]} 0-1

[Event "8th Arber Open"]
[Site "chess24.com"]
[Date "2019.07.28"]
[Round "2"]
[White "Hopman, Pieter"]
[Black "Glaser, Max"]
[Result "1-0"]
[Board "12"]
[WhiteElo "2347"]
[WhiteTitle "IM"]
[WhiteCountry "NED"]
[WhiteFideId "1005669"]
[WhiteEloChange "2"]
[BlackElo "1949"]
[BlackCountry "GER"]
[BlackFideId "16210271"]
[BlackEloChange "-2"]

1. e4 {[%clk 1:30:58]} e5 {[%clk 1:30:52]} 2. Nf3 {[%clk 1:31:23]} Nf6 {[%clk
1:30:52]} 3. Nxe5 {[%clk 1:31:11]} d6 {[%clk 1:31:38]} 4. Nf3 {[%clk 1:31:37]}
Nxe4 {[%clk 1:32:02]} 5. Nc3 {[%clk 1:31:52]} Nxc3 {[%clk 1:32:02]} 6. dxc3
{[%clk 1:32:14]} Nc6 {[%clk 1:32:14]} 7. Bf4 {[%clk 1:31:53]} Be7 {[%clk
1:30:30]} 8. Qd2 {[%clk 1:30:30]} O-O {[%clk 1:30:30]} 9. O-O-O {[%clk 1:30:17]}
Bf5 {[%clk 1:23:26]} 10. Rg1 {[%clk 1:27:46]} Bf6 {[%clk 1:22:09]} 11. g4 {[%clk
1:26:42]} Be4 {[%clk 1:22:00]} 12. Ng5 {[%clk 1:19:45]} Ne5 {[%clk 1:15:18]} 13.
Nxe4 {[%clk 1:18:10]} Nf3 {[%clk 1:15:40]} 14. Qe3 {[%clk 1:17:47]} Nxg1 {[%clk
1:15:49]} 15. Bd3 {[%clk 1:13:27]} Re8 {[%clk 1:13:48]} 16. Rxg1 {[%clk 1:12:50]}
Bxc3 {[%clk 1:09:10]} 17. Qh3 {[%clk 1:09:51]} Be5 {[%clk 1:02:11]} 18. Bxe5
{[%clk 1:08:10]} dxe5 {[%clk 1:01:59]} 19. g5 {[%clk 1:07:18]} h6 {[%clk
0:57:34]} 20. Nf6+ {[%clk 1:04:06]} Kh8 {[%clk 0:57:06]} 21. Nxe8 {[%clk
0:58:43]} 1-0

[Event "8th Arber Open"]
[Site "chess24.com"]
[Date "2019.07.28"]
[Round "2"]
[White "Van der Meiden, Dirk"]
[Black "Hausner, Ivan"]
[Result "0-1"]
[Board "13"]
[WhiteElo "1992"]
[WhiteCountry "NED"]
[WhiteFideId "1012061"]
[WhiteEloChange "-2"]
[BlackElo "2370"]
[BlackTitle "IM"]
[BlackCountry "CZE"]
[BlackFideId "300110"]
[BlackEloChange "2"]

1. e4 {[%clk 1:30:55]} c5 {[%clk 1:30:55]} 2. Nf3 {[%clk 1:31:11]} Nf6 {[%clk
1:30:55]} 3. e5 {[%clk 1:29:16]} Nd5 {[%clk 1:31:45]} 4. c3 {[%clk 1:28:48]} d6
{[%clk 1:31:29]} 5. d4 {[%clk 1:26:59]} cxd4 {[%clk 1:31:13]} 6. Bc4 {[%clk
1:26:19]} e6 {[%clk 1:31:35]} 7. cxd4 {[%clk 1:22:49]} Nc6 {[%clk 1:31:40]} 8.
O-O {[%clk 1:22:34]} Be7 {[%clk 1:32:07]} 9. Qe2 {[%clk 1:20:37]} O-O {[%clk
1:31:33]} 10. Rd1 {[%clk 1:14:39]} a6 {[%clk 1:29:52]} 11. Nc3 {[%clk 1:13:07]}
Nxc3 {[%clk 1:30:15]} 12. bxc3 {[%clk 1:13:25]} dxe5 {[%clk 1:30:29]} 13. Nxe5
{[%clk 1:13:13]} Nxe5 {[%clk 1:30:48]} 14. Qxe5 {[%clk 1:13:11]} Bd7 {[%clk
1:29:43]} 15. Bd3 {[%clk 0:50:14]} Bc6 {[%clk 1:26:38]} 16. Qh5 {[%clk 0:46:31]}
g6 {[%clk 1:25:50]} 17. Qe2 {[%clk 0:46:36]} Qd5 {[%clk 1:24:01]} 18. f3 {[%clk
0:45:51]} Rac8 {[%clk 1:22:04]} 19. a4 {[%clk 0:37:52]} Qd7 {[%clk 1:21:23]} 20.
Bh6 {[%clk 0:35:55]} Rfd8 {[%clk 1:20:59]} 21. Qe5 {[%clk 0:34:42]} Bf8 {[%clk
1:21:22]} 22. Bg5 {[%clk 0:33:26]} Re8 {[%clk 1:20:51]} 23. Bc2 {[%clk 0:30:16]}
Bd5 {[%clk 1:20:34]} 24. Bd2 {[%clk 0:29:11]} Bg7 {[%clk 1:20:59]} 25. Qe3 {[%clk
0:25:45]} e5 {[%clk 1:21:01]} 26. dxe5 {[%clk 0:24:09]} Bxe5 {[%clk 1:21:16]} 27.
Qf2 {[%clk 0:21:57]} Qe6 {[%clk 1:20:05]} 28. Re1 {[%clk 0:21:35]} Qf6 {[%clk
1:20:28]} 29. Rad1 {[%clk 0:16:24]} Red8 {[%clk 1:18:48]} 30. h4 {[%clk 0:11:06]}
Bxc3 {[%clk 1:15:55]} 31. Bxc3 {[%clk 0:09:54]} Qxc3 {[%clk 1:16:12]} 32. Be4
{[%clk 0:09:14]} Bxe4 {[%clk 1:15:45]} 33. Rxd8+ {[%clk 0:09:36]} Rxd8 {[%clk
1:16:10]} 34. Rxe4 {[%clk 0:09:48]} Kg7 {[%clk 1:13:39]} 35. Qg3 {[%clk 0:08:31]}
h5 {[%clk 1:11:26]} 36. Qf4 {[%clk 0:06:09]} Qc5+ {[%clk 1:10:18]} 37. Kh2 {[%clk
0:06:25]} Qd6 {[%clk 1:10:37]} 38. Kg3 {[%clk 0:05:51]} Qxf4+ {[%clk 1:09:30]}
39. Kxf4 {[%clk 0:06:09]} Rd5 {[%clk 1:09:07]} 40. g3 {[%clk 0:03:24]} Kf6 {[%clk
1:06:19]} 41. Rc4 {[%clk 0:03:12]} Ke6 {[%clk 1:05:50]} 42. Ke4 {[%clk 0:01:08]}
Kd6 {[%clk 1:06:00]} 43. Rc8 {[%clk 0:31:30]} Ra5 {[%clk 1:37:16]} 44. Rc4 {[%clk
0:31:34]} Rc5 {[%clk 1:36:05]} 45. Rb4 {[%clk 0:29:02]} Kc6 {[%clk 1:36:20]} 46.
Kd3 {[%clk 0:26:33]} Rf5 {[%clk 1:34:34]} 47. Ke4 {[%clk 0:26:26]} b6 {[%clk
1:34:24]} 48. g4 {[%clk 0:25:12]} Rc5 {[%clk 1:34:34]} 49. Kd3 {[%clk 0:24:48]}
Rd5+ {[%clk 1:34:12]} 50. Ke4 {[%clk 0:24:23]} b5 {[%clk 1:33:49]} 51. axb5+
{[%clk 0:22:01]} axb5 {[%clk 1:34:13]} 52. Ke3 {[%clk 0:22:03]} Kc5 {[%clk
1:34:16]} 53. Rf4 {[%clk 0:22:28]} f5 {[%clk 1:34:37]} 0-1